000 00471nam a2200193Ia 4500
003 GCL
008 140319s9999 xx 000 0 eng d
040 _aGCL /
_cGCL
082 0 4 _a759
_bJ H
100 1 _aJACOBUS, JOHN
245 1 0 _aHENRI MATISSE /
_cJACOBUS, JOHN
260 _a[S.N] :
_bTHAMES AND HUDSON ،
_c1982
300 _a128 PP
650 0 4 _aARTS
650 0 4 _aPAINTING
650 0 4 _aPAINTERS
650 0 4 _aMATISSE, HENRI, 1869 - 1954
942 _2ddc
_cBK
999 _c18850
_d18850